000 00347 a2200133 4500
005 20250403130338.0
020 _a978-0-07-154920-2
082 _a515.9 McM
100 _aMcMAHON, D.
245 _aComplex Variables Demystified
260 _aNew York,
_bMcGraw Hill,
_c2008.
300 _axii, 275p.: ill.; picture,
_bindex,
_c23cm.
942 _2ddc
_cBKS
999 _c1091
_d1091